| 000 | 00462nam a2200193Ia 4500 | ||
|---|---|---|---|
| 005 | 20240823040422.0 | ||
| 008 | 240823s9999||||xx |||||||||||||| ||und|| | ||
| 020 | _a978-0-00-725390-6 | ||
| 041 | _aENGLISH | ||
| 082 | _A954.035092 Q2 | ||
| 100 | _aLouis Fischer | ||
| 245 | 4 | _aThe Life of Mahatma Gandhi | |
| 250 | _a1st | ||
| 260 |
_c2012 _bHarper Collins Publi |
||
| 500 | _aYES | ||
| 650 |
_aMahatma Gandhi _bGeneral |
||
| 942 | _cBK | ||
| 999 |
_c203060 _d203060 |
||